| 000 | 01301nam a2200373 a 4500 | ||
|---|---|---|---|
| 001 | 59049 | ||
| 003 | CO-BoRNBP | ||
| 005 | 20250903195310.0 | ||
| 007 | ta | ||
| 008 | 100901s2009 sp a jr 0001jdspa d | ||
| 020 | _a9788493669591 | ||
| 040 |
_aCO-BoBLA _bspa _cCO-BoBLA |
||
| 041 | 1 |
_aspa _hger |
|
| 043 | _ae-gx--- | ||
| 082 | 0 | 4 |
_a833.91 _bC41m _221 |
| 100 | 1 |
_aChamisso, Adelbert Von, _d1781-1838. _963424 |
|
| 245 | 1 | 3 |
_aLa maravillosa historia de Peter Schlemihl / _cAdelbert von Chamisso ; traducción Ulrike Michael-Valdés y Hernán Valdés ; ilustraciones de Agustín Comotto. |
| 250 | _a1a. edición | ||
| 300 |
_a171 p. : _bil. ; _c19 cm. |
||
| 336 |
_2rdacontent _atexto _btxt |
||
| 337 |
_2rdamedia _asin mediación _bn |
||
| 338 |
_2rdacarrier _avolumen _bnc |
||
| 490 | 1 |
_aMiniilustrados ; _v4 |
|
| 521 | _aRecomendado para niños a partir de los 12 años. | ||
| 534 | _tPeter Schlemihl wundersame geschichte. | ||
| 650 | 7 |
_aCuentos infantiles alemanes. _2BLAAUTO |
|
| 650 | 7 |
_aNovela de aventuras. _2BLAAUTO _9316 |
|
| 650 | 7 |
_aLiteratura infantil alemana. _2BLAAUTO |
|
| 700 | 1 |
_aMichael-Valdés, Ulrike, _etr. _964692 |
|
| 700 | 1 |
_aValdés, Hernán, _d1934- _etr. _964693 |
|
| 700 | 1 |
_aComotto, Agustín, _d1968- _eil. |
|
| 942 |
_2ddc _cBK |
||
| 949 |
_an _bn |
||
| 999 |
_c59049 _d59049 |
||